[Event "Mecklenburg VP-ch U18"]
[Site "Malchow"]
[Date "2015.02.??"]
[Round "5.10"]
[White "Haase, Nicolas"]
[Black "Gazizov, Erik"]
[Result "0-1"]
[WhiteElo "1206"]
[BlackElo "870"]
[PlyCount "78"]
[EventDate "2015.02.04"]
[EventType "swiss"]
[EventRounds "7"]
[EventCountry "GER"]
[SourceTitle "EXT 2022"]
[Source "ChessBase"]
[SourceDate "2021.10.06"]
[SourceVersion "1"]
[SourceVersionDate "2021.10.06"]
[SourceQuality "1"]

1. d4 Nf6 2. c4 d5 3. Nf3 g6 4. Nc3 Bg7 5. e3 e6 6. Bd3 0-0 7. 0-0 Nbd7 8. Bd2 c6 9. Qc2 Qc7 10. Rfe1 Re8 11. e4 Ng4 12. exd5 cxd5 13. Nxd5 Qd8 14. Ne3 Ngf6 15. Rac1 e5 16. dxe5 Nxe5 17. Nxe5 Rxe5 18. Nf1 Rxe1 19. Rxe1 b6 20. Bg5 Bb7 21. b4 Ba6 22. Re3 Qd6 23. b5 Bb7 24. Qe2 Qd7 25. Re7 Qc8 26. Bxf6 Bxf6 27. Re8+ Qxe8 28. Ne3 Rd8 29. a4 Qd7 30. Bc2 Bg5 31. h3 Re8 32. Qg4 Qe7 33. Nf1 Bc8 34. Qd4 Be6 35. g3 Bxh3 36. g4 Qe6 37. Nh2 Qe1+ 38. Nf1 Qxf1+ 39. Kh2 Qg2# 0-1

[Event "GER-ch U25 op-B"]
[Site "Oberhof"]
[Date "2013.05.25"]
[Round "9"]
[White "Granzin, Mina"]
[Black "Gazizov, Erik"]
[Result "0-1"]
[WhiteElo "857"]
[BlackElo "722"]
[PlyCount "114"]
[EventDate "2013.05.19"]
[EventType "swiss"]
[EventRounds "9"]
[EventCountry "GER"]
[SourceTitle "CBM 154 Extra"]
[Source "ChessBase"]
[SourceDate "2013.06.25"]
[SourceVersion "2"]
[SourceVersionDate "2013.06.25"]
[SourceQuality "1"]

1. e4 c5 2. Nc3 d6 3. Nf3 Nf6 4. Bb5+ Bd7 5. Bc4 g6 6. 0-0 Bg7 7. d3 e6 8. Be3 b6 9. Bg5 0-0 10. d4 Qc8 11. e5 Nd5 12. Nxd5 exd5 13. Bxd5 Nc6 14. c3 h6 15. Bf4 dxe5 16. dxe5 Rb8 17. e6 fxe6 18. Bxb8 exd5 19. Bg3 Be6 20. Re1 Re8 21. Bf4 Qd7 22. Qd2 Kh7 23. Re2 d4 24. cxd4 cxd4 25. Qd3 Bf5 26. Qd2 d3 27. Rxe8 Qxe8 28. Qe1 Qxe1+ 29. Rxe1 Bxb2 30. Rd1 Nb4 31. a4 g5 32. Bd2 Nd5 33. Be3 a6 34. Ne5 Bxe5 35. Re1 Bc3 36. Rd1 b5 37. axb5 axb5 38. h3 b4 39. Rb1 Nxe3 40. fxe3 d2 41. Rf1 Kg6 42. Kf2 b3 43. Kf3 b2 44. e4 Be6 45. Ke3 Ba2 46. Kf3 b1Q 47. Rxb1 Bxb1 48. Ke2 Kf6 49. Kd1 Bxe4 50. Ke2 Bxg2 51. Kd1 Bf3+ 52. Kc2 d1Q+ 53. Kxc3 g4 54. hxg4 Bxg4 55. Kc4 Qe2+ 56. Kc5 Qe4 57. Kb5 Kf5 0-1

[Event "GER-ch U25 op-B"]
[Site "Oberhof"]
[Date "2012.06.01"]
[Round "8"]
[White "Muedder, Melanie"]
[Black "Gazizov, Erik"]
[Result "1-0"]
[WhiteElo "761"]
[BlackElo "747"]
[PlyCount "43"]
[EventDate "2012.05.27"]
[EventType "swiss"]
[EventRounds "9"]
[EventCountry "GER"]
[SourceTitle "CBM 148 Extra"]
[Source "ChessBase"]
[SourceDate "2012.06.22"]
[SourceVersion "1"]
[SourceVersionDate "2012.06.22"]
[SourceQuality "1"]

1. e4 d5 2. exd5 Qxd5 3. Nc3 Qa5 4. d4 c6 5. Bc4 Nf6 6. Nf3 h6 7. 0-0 Bg4 8. h3 Bxf3 9. Qxf3 Nbd7 10. Bd2 Qc7 11. Rfe1 b5 12. Bb3 g5 13. d5 Ne5 14. Qg3 Nfd7 15. Rad1 e6 16. dxe6 fxe6 17. f4 gxf4 18. Bxf4 Bd6 19. Qg7 Rf8 20. Bxe5 Bxe5 21. Rxe5 Qxe5 22. Qxd7# 1-0